00712na a2200181 450000100060000000300080000600500170001400800410003102000150007204000250008704100080011208200280012024501780014826000900032630000230041661000490043965000420048823952MIRAKIL20181213155324.0180129b tu 000 0  a9759697459 aMilasbturcTR-AnCHP atur a351.007509561bC85 2000 aCumhurbaşkanlığı Devlet Denetleme Kurulu'nca hazırlanan inceleme-araştırma ve denetleme rapor özetleri b1993-1999cTürkiye Cumhuriyeti Cumhurbaşkanlığı aAnkarabTürkiye Cumhuriyeti Cumhurbaşkanlığıc2000fBaşbakanlık Basımevi avi, 367 s.c29 sm. aDevlet Denetleme KuruluxRaporlary1993-1999 aDevlet denetimixTürkiyey1993-1999